00617nam a2200109Ia 4500008004100000100002900041245028300070260003300353300001700386650001900403856008500422160712s9999 xx 000 0 und d aPlanta, Ma. Mercedes G.  cMa. Mercedes G. PlantaaBernardita Reyes Churchill (Executive Editor), Eden M. Gripaldo, and Digna B. Apilado (Associate Editors). (2011). The movement for independence in the Philippines, 1896-1898: Calendar of documents in the archives of the Cuerpo de Vigilancia de Manila. Q c2011bSocial Science Diliman avol. 7 no. 2 xSOCIAL SCIENCE uhttp://journals.upd.edu.ph/index.php/socialsciencediliman/issue/view/309/showToc